Efectividad de la oxidación química con peróxido de hidrógeno en tierras contaminadas con desechos de petróleo
Wedi'i Gadw mewn:
| Prif Awdur: | |
|---|---|
| Awduron Eraill: | |
| Fformat: | Llyfr |
| Cyhoeddwyd: |
San José, Costa Rica
1998
|
| Pynciau: | |
| Tagiau: |
Ychwanegu Tag
Dim Tagiau, Byddwch y cyntaf i dagio'r cofnod hwn!
|
MARC
| LEADER | 00000nam a2200000Ia 4500 | ||
|---|---|---|---|
| 003 | 008516 | ||
| 005 | 20231122102059.0 | ||
| 008 | 140114s1998 cr a m 000 ||s d | ||
| 040 | |c cru CEDI | ||
| 090 | |a TFG 3873 | ||
| 100 | |a Mena Méndez, Luis Diego, 1972- |9 1813 | ||
| 245 | |a Efectividad de la oxidación química con peróxido de hidrógeno en tierras contaminadas con desechos de petróleo | ||
| 260 | |a San José, Costa Rica |c 1998 | ||
| 300 | |a 116 hojas : ilustraciones a color | ||
| 500 | |a Proyecto de graduación(licenciatura en ingeniería química)--Universidad de Costa Rica. Facultad de Ingeniería. Escuela de Ingeniería Química | ||
| 501 | |a Director de Proyecto de Graduación: Dr. Ing. Michael Henry Chacón Scheidelaar | ||
| 650 | |x OXIDACION |x RESIDUOS DEL PETROLEO |x CONTAMINACION DE SUELOS |9 8933 | ||
| 700 | |a Chacón Scheidelaar, Michael Henry, 1959-2010 |d Director del TFG |9 1524 | ||
| 942 | |c TFG |h TFG 3873 |i 008516 |6 TFG_3873_008516000000000 | ||
| 999 | |c 18599 |d 18599 | ||
